Çare başkanlık mı? (Record no. 294)

MARC details
000 -BAŞLIK
Sabit Uzunlukta Kontrol Alanı 00771na a2200253 4500
001 - KONTROL NUMARASI
Denetim Alanı 23010
003 - KONTROL NUMARASI IDENTIFIER
Denetim Alanı MIRAKIL
005 - SON İŞLEM TARİHİ VE ZAMANI
Denetim Alanı 20181213154742.0
008 - SABİT-BOY VERİ ELEMANLARI - GENEL BİLGİLER
Sabit Uzunlukta Kontrol Alanı 170421b tu 000 0
020 ## - ULUSLARARASI STANDART KİTAP NUMARASI
Uluslararası Standart Kitap Numarası 9786053557388
040 ## - KATALOGLAMA KAYNAK
Orijinal Kataloglama Ajansı Milas
Kataloglama Dili tur
Metne Dönüştürmek Ajansı TR-AnCHP
041 ## - DİL KODU
Metin / Ses Parça Veya Ayrı Başlığın Dil Kodu tur
082 ## - DEWEY ONLU SINIFLANDIRMA NUMARASI
Sınıflandırma Numarası 321.8042
Ürün Numarası T66ç 2017
090 ## - SINIFLAMA NUMARASI
Sınıflama Numarası 321.8042 T66ç 2017
100 ## - ANA GİRİŞ - KİŞİSEL İSİM
Kişisel Ad Toprak, Ece Güner
245 ## - BAŞLIK TABLOSU
Başlık Çare başkanlık mı?
Sorumluluk Tablosu, Vb Ece Güner Toprak
260 ## - YAYIN, DAĞITIM, VB
Yayın, Dağıtım, Vb Yeri Ankara
Yayıncı, Dağıtıcı, Vs Adı Palme yayınları
Yayın, Dağıtım, Vb Tarihi 2017
Üretici Firma Ayrıntı Basım Yayım
300 ## - FİZİKSEL TANIM
Kapsam 236 s.
Boyutlar 19 cm.
440 ## - SERİSİ TABLOSU / KATMA GİRİŞİ - BAŞLIK
Başlık Palme yayınları
Bir İşin Parçası / Bölüm Sayısı 1320
600 ## - KONU KATMA GİRİŞ - KURUMSAL ADI
Kişisel Ad Toprak, Ece Güner
650 ## - KONU KATMA GİRİŞ - TOPİKAL DÖNEM
Topikal Süreli Veya Coğrafi Ad Giriş Elemanı Türkiye
Genel Alt Bölümü Anayasa değişikliği, 2017
Kronolojik Alt Bölümü Başkanlık sistemi
650 ## - KONU KATMA GİRİŞ - TOPİKAL DÖNEM
Topikal Süreli Veya Coğrafi Ad Giriş Elemanı Türkiye
Genel Alt Bölümü Siyaset ve Yönetim
Kronolojik Alt Bölümü Başkanlık sistemi
942 ## - EKLENDİ GİRİŞ ELEMANLARI (KOHA)
Sınıflandırma Veya Raf Düzeni Kaynak Dewey Decimal Classification
Koha Öğesi Türü Books
999 ## - SİSTEM KONTROL NUMARALARI (KOHA)
Koha Biblionumber 294
Koha Biblioitemnumber 294
Holdings
Kalıcı Konum Mevcut Konum Edinme Tarihi Edinim Kaynak Toplam Check-Out'Lar Tam Çağrı Numarası Barkod Tarih Son Görülme Tarihi Geçen Teslim İtibaren Geçerli Fiyatlar Koha Öğesi Türü
CHP Kütüphanesi CHP Kütüphanesi 04/21/2017 Bağış 1 321.8042 T66ç 2017 016961 09/16/2019 09/02/2019 04/21/2017 Books
Parti Okulu Kütüphanesi Parti Okulu Kütüphanesi 02/29/2024     321.8042 T66ç 2017 21352 02/29/2024   02/29/2024 Books